000 00561nam a2200205Ia 4500
003 GCL
008 140319s9999 xx 000 0 eng d
040 _aGCL /
_cGCL
082 0 4 _a821.083
_bP E
100 1 _aPARKHURST, TED
245 1 0 _aA FRUITBOWL OF RHINOS: LITTLE POEMS BY LITTLE POEPLE /
_cPARKHURST, TED
260 _a[S.N] :
_bAUGUST HOUSE AND LITTLE ROCK ،
_c1980
650 0 4 _aENGLISH POETRY
650 0 4 _aENGLISH LITERATURE
650 0 4 _aLITERATURE
650 0 4 _aPOEMS
650 0 4 _aPOETRY
650 0 4 _aCHILDREN - POETRY
942 _2ddc
_cBK
999 _c24706
_d24706